000 00511nam a2200193 a 4500
001 1766310660013
003 YourLibrary
005 20251222104446.0
008 251221s1992##################000#0#eng##
020 _a9780820418131
082 0 4 _a264.02086
_bCHA
100 1 _aChappell, Arthur Barker,
_eauthor.
245 1 0 _aRegular Confession :
260 _bPeter Lang Pub Incorporated,
_c1992.
300 _a202 pages
650 0 _aReligion.
942 _cENGLISH
040 _aYourLibrary
_beng
_cYourLibrary
999 _c603505
_d603505